00696nam a2200229 a 4500001001300000003000900013005001700022008004100039020001100080082001600091245003800107260004000145300000800185500003500193505004700228650002200275710002600297902000800323942000700331952011300338999001500451nice12345678IN_TiNIC20260116012909.0050524s1959 iraa grp 000 0 urd  ac0.1500a954.84bIDA aYaadgaar Yaom Mohd.Quli Qutb Shah aIranbIdara-I-Adabiyat-I-Urduc1959 a16p aincludes index and biblioraphy2 aFoot notes by Maulana Maulvi Ilahi Bakhsh. aHyderabad-History2 aIdara-E-Adabiyat-Urdu bSRS cBK 001040708StackRoom-aHMIbHMId2007-04-10g0.15l0o954.84 IDAp011850r2007-04-10v0.15w2005-05-24yBK c8799d8799